Statistics for Star Wars Decoder

Click here to take the quiz!

General Stats

  • This quiz has been taken 1,389 times
  • The average score is 11 of 19

Answer Stats

Hint Answer % Correct
Jedi and Sith use them to fightLightsaber
91%
Gas giant planet or its homonymous forest moonEndor
91%
Ruled by Padmé AmidalaNaboo
90%
Home planet of Anakin SkywalkerTatooine
87%
Jabba is the most famous oneHutt
87%
Title given to certain Sith lordsDarth
83%
Furry bipedsEwok
82%
Planet where Yoda went into exileDagobah
74%
Title once held by PalpatineEmperor
73%
Reptomammals who live in HothTauntaun
65%
Portrayed by Kenny BakerR2D2
61%
Lava planet where Obi-Wan fought a new Sith lordMustafar
59%
QuoteNever tell me the odds
47%
The Galactic History is divided into 8 of theseEras
35%
Major General of the Imperial Army named MaximilianVeers
33%
Family of Jacen, Jaina and AnakinSolo
31%
Twi'lek dancer in Jabba's courtOola
21%
Lannik jedi master whose surname is PiellEven
18%
Chewbacca's nephewLowbacca
15%

Score Distribution

Percentile by Number Answered

Percent of People with Each Score

Your Score History

You have not taken this quiz